000
00333 a2200157 4500
001
185694
020
_a
858674033-0
040
_c
Magnum
100
_a
Veneza, MaurĂcio
240
1
0
_a
A princesa e o sapo
_l
por
245
1
0
_a
A princesa e o sapo
300
_a
12
362
0
_a
1999
697
_a
LITERATURA INFANTIL
942
_c
BK
999
_c
185694
_d
185694